| 000 | 00381nam a2200121Ia 4500 | ||
|---|---|---|---|
| 008 | 210430s9999 xx 000 0 und d | ||
| 020 | _a9781569905128 (hardcover) | ||
| 082 | _a668.4120685 F331F | ||
| 100 |
_aPeter K. Kennedy, Rong Zheng _9127030 |
||
| 245 |
_aFlow analysis of injection molds / _cPeter K, Kennedy, Rong Zheng |
||
| 300 | _axxviii, 349 pages : | ||
| 942 |
_cREF _2ddc |
||
| 999 |
_c565750 _d565750 |
||